000 01810nam0a2200337 4500
001 RU\NLR\bibl\1672430
005 20250616044857.0
010 _a5-98298-197-4
_9500
021 _aRU
_b2010-58757
_93847
035 _a(NLR Aleph) 001663678
090 _a997553
_c997553
100 _a20091130d2008 |||y0rusy50 ca
101 0 _arus
102 _aRU
105 _aa |||||||||
200 1 _aАрхитектура сетей и систем телекоммуникаций
_eучебное пособие [для подготовки магистров, обучающихся по программе 230113 "Сети ЭВМ и телекоммуникации"]
_fВ.П. Комагоров
_gФедер. агентство по образованию, Гос. образоват. учреждение высш. проф. образования "Том. политехн. ун-т"
210 _aТомск
_cИзд-во Томского политехнического университета
_d2008
215 _a146 с.
_cил.
_d21
300 _aНа 4-й с. обл. авт. - к.т.н., доц.
320 _aБиблиогр.: с. 146 (13 назв.)
606 1 _aВычислительные сети
_jУчебные издания для высших учебных заведений
_xАрхитектура
_92225657
_3RU\NLR\auth\661336132
606 1 _aЭлектросвязь
_jУчебные издания для высших учебных заведений
_xСистемы
_92099139
_3RU\NLR\auth\661269760
686 _aЗ988.02-02я73-1
686 _aЗ88я73-1
700 1 _aКомагоров
_bВ. П.
_gВладимир Петрович
_4070
801 0 _aRU
_bNLR
_c20091130
_gRCR
801 1 _aRU
_bNLR
_c20091130
942 _cBOOK
980 _aNB
980 _aNBR